000 00588nam a2200229Ia 4500
003 OSt
005 20220923230029.0
006 a|||||r|||| 00| 0
007 ta
008 Pun
024 _a276,853
037 _cTextual
040 _aARTS
_cARTS
_bPun
041 _2Pun
_aPun
082 _aO153,3:g, J6
100 _aਸਿੰਘ, ਮੁਬਾਰਕ, ਥਦ.
245 0 _aਰਿFਮਾਂ
260 _c1956
650 _aਪੰਜਾਬੀ ਸਾਹਿਤ
942 _hO153,3:g, J6
_cTEXL
_2CC
999 _c382000
_d382000